Managing health and safety in construction (Record no. 106641)

MARC details
000 -LEADER
fixed length control field 02171cad a22003015a 4500
001 - CONTROL NUMBER
control field L137108
008 - FIXED-LENGTH DATA ELEMENTS--GENERAL INFORMATION
fixed length control field 011219s2007 xxk f 000 0 eng d
020 ## - INTERNATIONAL STANDARD BOOK NUMBER
International Standard Book Number 0717662234
-- 9780717662234
035 ## - SYSTEM CONTROL NUMBER
System control number (Sirsi) u137108
041 0# - LANGUAGE CODE
Language code of text/sound track or separate title eng
050 04 - LIBRARY OF CONGRESS CALL NUMBER
Classification number 690.22 $2 18
110 1# - MAIN ENTRY--CORPORATE NAME
Corporate name or jurisdiction name as entry element Great Britain
Subordinate unit Health and Safety Commission
245 00 - TITLE STATEMENT
Title Managing health and safety in construction
Remainder of title Construction (Design and Management) Regulations 2007
-- approved code of practice
Medium [electronic resource]
260 ## - PUBLICATION, DISTRIBUTION, ETC.
Place of publication, distribution, etc. Sudbury
Name of publisher, distributor, etc. HSE Books
Date of publication, distribution, etc. 2007
300 ## - PHYSICAL DESCRIPTION
Extent v, 121p.
Dimensions 30cm
350 ## - PRICE (NR) (BK AM CF MU VM SE) [OBSOLETE]
Price 15
490 #0 - SERIES STATEMENT
Series statement HSE Health and Safety Guidance
Volume/sequential designation L144
505 2# - FORMATTED CONTENTS NOTE
Formatted contents note Introduction -- Clients -- The CDM co-ordinator (notifiable projects only) -- Designers -- The principal contractor (notifiable projects only) -- Contractors and the self-employed -- Competence and training -- Worker engagement and communication -- The health and safety file (notifiable projects only) -- Appendix one: Construction (Design and Management) Regulations 2007 -- Appendix two: pre-construction information -- Appendix three: construction phase plan -- Appendix four: competence -- Appendix five: guidance for assessing competence of a CDM co-ordinator -- Appendix six: development of competence: timeline for an unskilled construction worker -- Appendix seven: the principles of prevention
520 ## - SUMMARY, ETC.
Summary, etc. This approved code of practice provides practical guidance on complying with the duties set out in the Construction (Design and Management) Regulations 2007 (CDM 2007). The principal aim of CDM 2007 is to integrate health and safety into the management of projects and to encourage all involved parties to work together.
520 ## - SUMMARY, ETC.
Summary, etc. Supersedes 2001 edition (ISBN 0717621391).
520 ## - SUMMARY, ETC.
Summary, etc. SUPERSEDED by 2015 edition (ISBN 9780717666263).
590 ## - LOCAL NOTE (RLIN)
Local note KA
650 24 - SUBJECT ADDED ENTRY--TOPICAL TERM
Topical term or geographic name entry element CONSTRUCTION (DESIGN AND MANAGEMENT) REGULATIONS 2007
651 #4 - SUBJECT ADDED ENTRY--GEOGRAPHIC NAME
Geographic name Great Britain
Chronological subdivision 1707-
690 ## - LOCAL SUBJECT ADDED ENTRY--TOPICAL TERM (OCLC, RLIN)
Topical term or geographic name as entry element BUILT ENVIRONMENT-CONSTRUCTION MANAGEMENT-CONSTRUCTION DESIGN AND MANAGEMENT
856 41 - ELECTRONIC LOCATION AND ACCESS
Uniform Resource Identifier <a href="https://www.hse.gov.uk/pubns/priced/l144.pdf">https://www.hse.gov.uk/pubns/priced/l144.pdf</a>
Public note View the code of practice free of charge (PDF file) at www.hse.gov.uk
942 ## - ADDED ENTRY ELEMENTS (KOHA)
Suppress in OPAC 0
Holdings
Withdrawn status Lost status Source of classification or shelving scheme Damaged status Not for loan Home library Current library Shelving location Date acquired Cost, normal purchase price Total Checkouts Full call number Barcode Date last seen Date last checked out Copy number Cost, replacement price Price effective from Koha item type
    Dewey Decimal Classification     London London Folio 16/04/2007 12.75 9 F690.22 HEA 30072220 06/08/2019 23/05/2008 1 12.75 06/08/2019 Book
    Dewey Decimal Classification     Virtual Virtual Online 11/06/2010     ONLINE PUBLICATION 137108-4001 06/08/2019   1   06/08/2019 Book